Rock bands 2nd most popular song - Statistics

General Stats
  • This quiz has been taken 29 times
  • The average score is 8 of 20
Answer Stats
Band 2nd most popular song % Correct
Guns N' Roses Welcome to the Jungle
65%
Nirvana Come as you are
62%
AC/DC Thunderstruck
62%
Pink Floyd Wish you were here
62%
Lynyrd Skynyrd Free Bird
54%
Metallica Nothing else matters
54%
Fleetwood Mac The Chain
46%
Toto Hold the Line
42%
Black Sabbath Iron Man
42%
Van Halen Panama
42%
Led Zeppelin Immigrant song
38%
Eagles Take it easy
38%
Dire Straits Walk of Life
38%
Creedence clearwater revival Fortunate Son
35%
Alice in Chains Would?
23%
Kiss Rock and Roll all Nite
19%
Radiohead No Surprises
15%
Ozzy Osbourne No more Tears
12%
Journey Any way you want it
8%
America Ventura highway
8%
No matching quizzes found
Score Distribution
Percent of People with Each Score
Percentile by Number Answered
Your Score History
You have not taken this quiz